First Ministers of Scotland - Statistics

General Stats
  • This quiz has been taken 10 times
  • The average score is 4 of 5
Answer Stats
Hint Answer % Correct
2007 - 2014 Alex Salmond
100%
2014 - Present Nicola Sturgeon
100%
1999 - 2000 Donald Dewar
90%
2000 - 2001 Henry McLeish
80%
2001 - 2007 Jack McConnell
60%
No matching quizzes found
Score Distribution
Percent of People with Each Score
Percentile by Number Answered
Your Score History
You have not taken this quiz